[Event "LSS No Engine Cup 211 Preliminary 0"]
[Site "LSS email"]
[Date "2020.12.15"]
[Round "?"]
[White "Kreuchauf, Olaf"]
[Black "Jaszczowski, Zdzislaw"]
[Result "1-0"]
[WhiteElo "1600"]
[BlackElo "1117"]
[PlyCount "57"]
[EventDate "2020.12.15"]
[EventType "tourn (corr)"]
[EventRounds "6"]
[EventCountry "GER"]
[SourceTitle "Corr 2024"]
[Source "ChessBase"]
[SourceDate "2023.10.19"]
[SourceVersion "1"]
[SourceVersionDate "2023.10.19"]
[SourceQuality "1"]

1. c4 c5 2. g3 Nc6 3. Bg2 b6 4. Nc3 e6 5. Nf3 Nf6 6. d4 cxd4 7. Nxd4 Bb7 8. Ndb5 d5 9. Bf4 Bb4 10. Nc7+ Ke7 11. Nxa8 Bxa8 12. 0-0 Bxc3 13. bxc3 Ne4 14. cxd5 exd5 15. Qa4 Nc5 16. Qc2 f6 17. Rad1 Kf7 18. Bxd5+ Kf8 19. Bxc6 Qc8 20. Bxa8 Qxa8 21. Bd6+ Kf7 22. Bxc5 bxc5 23. Rd7+ Kf8 24. Rfd1 g6 25. Rd8+ Kg7 26. R1d7+ Kh6 27. Rxa8 Rxa8 28. Qe4 Rb8 29. Qh4# 1-0

[Event "SN-2020-0-01021"]
[Site "LSS email"]
[Date "2020.11.22"]
[Round "?"]
[White "Hickl, Norbert"]
[Black "Jaszczowski, Zdzislaw"]
[Result "0-1"]
[WhiteElo "878"]
[BlackElo "759"]
[PlyCount "32"]
[EventDate "2020.09.06"]
[EventType "tourn (corr)"]
[EventRounds "6"]
[EventCountry "GER"]
[SourceTitle "Corr 2022"]
[Source "ChessBase"]
[SourceDate "2021.10.24"]
[SourceVersion "1"]
[SourceVersionDate "2021.10.24"]
[SourceQuality "1"]

1. c4 c5 2. g3 Nc6 3. Bg2 e6 4. Nf3 Nf6 5. 0-0 d5 6. d3 Be7 7. Nbd2 0-0 8. a3 d4 9. Rb1 Re8 10. b4 cxb4 11. axb4 Bxb4 12. Bb2 e5 13. Qb3 a5 14. Ra1 Be6 15. Ba3 b5 16. cxb5 Bxb3 0-1

[Event "SN-2020-0-01021"]
[Site "LSS email"]
[Date "2020.11.22"]
[Round "?"]
[White "Jaszczowski, Zdzislaw"]
[Black "Kuttner, Jaromir"]
[Result "0-1"]
[WhiteElo "759"]
[BlackElo "966"]
[PlyCount "128"]
[EventDate "2020.09.06"]
[EventType "tourn (corr)"]
[EventRounds "6"]
[EventCountry "GER"]
[SourceTitle "Corr 2022"]
[Source "ChessBase"]
[SourceDate "2021.10.24"]
[SourceVersion "1"]
[SourceVersionDate "2021.10.24"]
[SourceQuality "1"]

1. d4 Nf6 2. Nf3 d5 3. g3 Bg4 4. Ne5 e6 5. Bg5 h6 6. Bd2 c5 7. c3 Nc6 8. Nxg4 Nxg4 9. e3 Qb6 10. b3 Rc8 11. Bg2 cxd4 12. cxd4 Nb4 13. 0-0 Nf6 14. Nc3 Be7 15. Na4 Qa6 16. a3 Nd3 17. b4 b6 18. Nc3 Nb2 19. Qb3 Nc4 20. b5 Qa5 21. Be1 a6 22. Nxd5 Qxb5 23. Nxf6+ Bxf6 24. Qd3 Qd7 25. a4 0-0 26. Bb4 Rfd8 27. a5 b5 28. Qe4 Be7 29. Bxe7 Qxe7 30. Rfd1 Nb2 31. Rd2 Qb4 32. Rc2 Rxc2 33. Qxc2 Na4 34. Qc7 Qd6 35. Qb7 Rd7 36. Qa8+ Rd8 37. Qb7 Nc3 38. Rc1 Ne2+ 39. Kh1 Nxc1 40. h4 Rb8 41. Qe4 Nb3 42. Kh2 Nxa5 43. f4 b4 44. f5 b3 45. fxe6 Qxe6 46. Qxe6 fxe6 47. Be4 b2 48. g4 Rb3 49. Bb1 Nc4 50. e4 Nd2 51. Ba2 Rb6 52. Kg3 b1Q 53. Bxb1 Rxb1 54. Kf4 Nc4 55. g5 Kf7 56. d5 e5+ 57. Kg4 Rf1 58. gxh6 gxh6 59. d6 Nxd6 60. Kh5 Rh1 61. Kg4 Kg6 62. Kg3 Nxe4+ 63. Kg4 a5 64. h5+ Rxh5 0-1

[Event "LSS No Engine Cup 209 Preliminary 0"]
[Site "LSS email"]
[Date "2020.10.24"]
[Round "?"]
[White "Jaszczowski, Zdzislaw"]
[Black "Hoehne, Volkmar"]
[Result "0-1"]
[WhiteElo "1160"]
[BlackElo "2142"]
[PlyCount "68"]
[EventDate "2020.10.24"]
[EventType "tourn (corr)"]
[EventRounds "6"]
[EventCountry "GER"]
[SourceTitle "Corr 2022"]
[Source "ChessBase"]
[SourceDate "2021.10.24"]
[SourceVersion "1"]
[SourceVersionDate "2021.10.24"]
[SourceQuality "1"]

1. d4 Nf6 2. c4 e6 3. Nc3 Bb4 4. Bd2 0-0 5. Qc2 b6 6. f3 c5 7. dxc5 Bxc5 8. Bg5 Nc6 9. 0-0-0 h6 10. Bh4 a5 11. Nh3 a4 12. Kb1 a3 13. Ne4 Be7 14. Nxf6+ Bxf6 15. Bxf6 Qxf6 16. b3 d5 17. cxd5 exd5 18. Rxd5 Nb4 19. Qd2 Nxd5 20. e4 Nc3+ 21. Kc2 Nxa2 22. Bc4 Qb2+ 23. Kd3 Rd8+ 24. Bd5 Qxb3+ 25. Ke2 Nc3+ 26. Kf2 Nxd5 27. exd5 Rxd5 28. Qe2 Bxh3 29. gxh3 a2 30. h4 Qb4 31. Re1 Rd2 32. Kf1 Rxe2 33. Rxe2 a1Q+ 34. Kf2 Qxh4+ 0-1

[Event "OP-2020-0-05032"]
[Site "LSS email"]
[Date "2020.10.09"]
[Round "?"]
[White "Jaszczowski, Zdzislaw"]
[Black "Ederer, Karel"]
[Result "0-1"]
[WhiteElo "824"]
[BlackElo "2079"]
[PlyCount "52"]
[EventDate "2020.10.04"]
[EventType "tourn (corr)"]
[EventRounds "4"]
[EventCountry "GER"]
[SourceTitle "Corr 2022"]
[Source "ChessBase"]
[SourceDate "2021.10.24"]
[SourceVersion "1"]
[SourceVersionDate "2021.10.24"]
[SourceQuality "1"]

1. d4 Nf6 2. c4 c5 3. dxc5 e6 4. Nf3 Bxc5 5. e3 d5 6. cxd5 exd5 7. Nc3 Nc6 8. Bd3 0-0 9. 0-0 Bg4 10. h3 Bh5 11. a3 a5 12. Bd2 d4 13. exd4 Nxd4 14. Bg5 Nxf3+ 15. gxf3 h6 16. Bh4 Qc7 17. Bf5 Rad8 18. Bg3 Qxg3+ 19. Kh1 Bxf3+ 20. Qxf3 Qxf3+ 21. Kh2 Qxf5 22. Rae1 Rd2 23. Ne2 Qf3 24. Ng3 Rxf2+ 25. Rxf2 Qxf2+ 26. Kh1 Qxg3 0-1

[Event "LSS No Engine Cup 207 Preliminary 0"]
[Site "LSS email"]
[Date "2020.09.16"]
[Round "?"]
[White "Jaszczowski, Zdzislaw"]
[Black "Oliveira, Luiz"]
[Result "0-1"]
[WhiteElo "1155"]
[BlackElo "1800"]
[PlyCount "34"]
[EventDate "2020.09.16"]
[EventType "tourn (corr)"]
[EventRounds "6"]
[EventCountry "GER"]
[SourceTitle "Corr 2024"]
[Source "ChessBase"]
[SourceDate "2023.10.19"]
[SourceVersion "1"]
[SourceVersionDate "2023.10.19"]
[SourceQuality "1"]

1. e4 c5 2. Nf3 d6 3. d4 cxd4 4. Nxd4 Nf6 5. Bd3 g6 6. 0-0 Bg7 7. Kh1 0-0 8. Nc3 Nc6 9. Nxc6 bxc6 10. f4 Rb8 11. f5 Nd7 12. Qd2 Nc5 13. fxg6 fxg6 14. Bc4+ Be6 15. Bxe6+ Nxe6 16. Rxf8+ Qxf8 17. b3 Qf1# 0-1

[Event "LSS No Engine Cup 207 Preliminary 0"]
[Site "LSS email"]
[Date "2020.09.16"]
[Round "?"]
[White "Van Bommel, Ton"]
[Black "Jaszczowski, Zdzislaw"]
[Result "1-0"]
[WhiteElo "2396"]
[BlackElo "1155"]
[PlyCount "45"]
[EventDate "2020.09.16"]
[EventType "tourn (corr)"]
[EventRounds "6"]
[EventCountry "GER"]
[SourceTitle "Corr 2024"]
[Source "ChessBase"]
[SourceDate "2023.10.19"]
[SourceVersion "1"]
[SourceVersionDate "2023.10.19"]
[SourceQuality "1"]

1. e4 c5 2. Nf3 Nc6 3. d4 cxd4 4. Nxd4 Nxd4 5. Qxd4 e6 6. Be2 Nf6 7. Nc3 Be7 8. e5 Ng8 9. 0-0 b6 10. Rd1 Bb7 11. Bb5 Bc6 12. Bxc6 dxc6 13. Qg4 g6 14. Rxd8+ Rxd8 15. Qf3 c5 16. Qb7 Rd7 17. Qc6 f6 18. Nb5 fxe5 19. Nc7+ Kd8 20. Nxe6+ Ke8 21. Ng7+ Kd8 22. Qa8+ Kc7 23. Ne8# 1-0

[Event "LSS No Engine Cup 207 Preliminary 0"]
[Site "LSS email"]
[Date "2020.09.16"]
[Round "?"]
[White "Zmolil, Karel"]
[Black "Jaszczowski, Zdzislaw"]
[Result "1-0"]
[WhiteElo "1326"]
[BlackElo "1155"]
[PlyCount "95"]
[EventDate "2020.09.16"]
[EventType "tourn (corr)"]
[EventRounds "6"]
[EventCountry "GER"]
[SourceTitle "Corr 2024"]
[Source "ChessBase"]
[SourceDate "2023.10.19"]
[SourceVersion "1"]
[SourceVersionDate "2023.10.19"]
[SourceQuality "1"]

1. e4 e5 2. Nf3 d6 3. d4 exd4 4. Nxd4 Nf6 5. Nc3 Be7 6. Bd3 0-0 7. 0-0 Bg4 8. f3 Bh5 9. Be3 Nbd7 10. Nf5 a6 11. Nxe7+ Qxe7 12. g4 Bg6 13. g5 Nh5 14. Nd5 Qd8 15. f4 c6 16. f5 cxd5 17. fxg6 fxg6 18. exd5 Ne5 19. Be2 b5 20. Bxh5 gxh5 21. Qxh5 g6 22. Rxf8+ Qxf8 23. Qh3 Nf3+ 24. Kg2 Ne5 25. Rf1 Qe7 26. Rf6 Rf8 27. Qe6+ Qxe6 28. dxe6 Re8 29. h3 Nc4 30. Bd4 Re7 31. Kf3 Ne5+ 32. Bxe5 dxe5 33. Ke4 Kg7 34. Kxe5 h6 35. h4 hxg5 36. hxg5 b4 37. Rf7+ Rxf7 38. exf7 Kxf7 39. Kd6 a5 40. b3 Kf8 41. Ke6 Kg7 42. Ke7 Kg8 43. Kf6 Kh7 44. Kf7 Kh8 45. Kxg6 Kg8 46. Kh6 Kh8 47. g6 a4 48. bxa4 1-0

[Event "OP-2020-0-05017"]
[Site "LSS email"]
[Date "2020.09.05"]
[Round "?"]
[White "Jaszczowski, Zdzislaw"]
[Black "Reede, Arvo"]
[Result "0-1"]
[WhiteElo "798"]
[BlackElo "1526"]
[PlyCount "50"]
[EventDate "2020.09.03"]
[EventType "tourn (corr)"]
[EventRounds "4"]
[EventCountry "GER"]
[SourceTitle "Corr 2022"]
[Source "ChessBase"]
[SourceDate "2021.10.24"]
[SourceVersion "1"]
[SourceVersionDate "2021.10.24"]
[SourceQuality "1"]

1. e4 e5 2. Bc4 Nf6 3. d3 c6 4. Bg5 d5 5. exd5 cxd5 6. Bb3 Nc6 7. Nc3 Bb4 8. Nge2 d4 9. 0-0 dxc3 10. bxc3 Be7 11. Re1 Bg4 12. h3 Bh5 13. Qd2 0-0 14. Ng3 Bg6 15. Ne4 Nxe4 16. Bxe7 Nxd2 17. Bxd8 Nxb3 18. Bc7 Nxa1 19. Rxa1 Rac8 20. Bd6 Rfd8 21. Bb4 a5 22. Ba3 Bxd3 23. cxd3 Rxd3 24. Rc1 Nd4 25. Bb2 Ne2+ 0-1

[Event "SN-2020-0-01014"]
[Site "LSS email"]
[Date "2020.03.19"]
[Round "?"]
[White "Jaszczowski, Zdzislaw"]
[Black "Bieszk, Stanislaw"]
[Result "0-1"]
[WhiteElo "915"]
[BlackElo "1080"]
[PlyCount "112"]
[EventDate "2019.12.29"]
[EventType "tourn (corr)"]
[EventRounds "6"]
[EventCountry "GER"]
[SourceTitle "Corr 2022"]
[Source "ChessBase"]
[SourceDate "2021.10.24"]
[SourceVersion "1"]
[SourceVersionDate "2021.10.24"]
[SourceQuality "1"]

1. e4 c5 2. Nf3 d6 3. Nc3 Nf6 4. d4 cxd4 5. Nxd4 Nc6 6. Nb3 g6 7. Be2 Bg7 8. 0-0 0-0 9. Be3 Bd7 10. f4 a6 11. f5 Qc7 12. Nd4 Ne5 13. h3 Nc4 14. Bc1 Rac8 15. fxg6 hxg6 16. Qd3 Ne5 17. Bg5 Nxd3 18. Bxd3 Qc5 19. Be3 Qh5 20. Rf3 Bh6 21. Raf1 Bxe3+ 22. Rxe3 b5 23. Be2 Qh6 24. Rg3 Rc5 25. Bd3 Nh5 26. Rgf3 e5 27. Nde2 Nf4 28. Nxf4 exf4 29. Nd5 g5 30. b4 Rc6 31. Ne7+ Kg7 32. Nxc6 Bxc6 33. Kh2 f5 34. Re1 fxe4 35. Bxe4 Bxe4 36. Rxe4 g4 37. Rc3 f3 38. Rc7+ Rf7 39. Rxg4+ Kf8 40. Rxf7+ Kxf7 41. gxf3 Qd2+ 42. Kg3 Qxc2 43. a3 Qc3 44. Rf4+ Ke7 45. h4 Qxa3 46. h5 Qc3 47. Rg4 a5 48. Re4+ Kd7 49. bxa5 Qxa5 50. h6 b4 51. Kg4 b3 52. h7 Qd8 53. Kf5 b2 54. Kg6 b1Q 55. Kg7 Qg5+ 56. Kh8 Qb8+ 0-1

[Event "SN-2020-0-01014"]
[Site "LSS email"]
[Date "2020.03.19"]
[Round "?"]
[White "Jaszczowski, Zdzislaw"]
[Black "Maly, Marian"]
[Result "0-1"]
[WhiteElo "915"]
[BlackElo "928"]
[PlyCount "68"]
[EventDate "2019.12.29"]
[EventType "tourn (corr)"]
[EventRounds "6"]
[EventCountry "GER"]
[SourceTitle "Corr 2022"]
[Source "ChessBase"]
[SourceDate "2021.10.24"]
[SourceVersion "1"]
[SourceVersionDate "2021.10.24"]
[SourceQuality "1"]

1. e4 e5 2. Nf3 Nc6 3. Be2 Bc5 4. Nxe5 Nxe5 5. d4 Bb4+ 6. c3 Bxc3+ 7. bxc3 Ng6 8. 0-0 d5 9. e5 Nh6 10. Ba3 Qg5 11. Bf3 Nf4 12. Nd2 Bh3 13. Qa4+ c6 14. g3 Bxf1 15. Nxf1 Nf5 16. c4 Nh4 17. Bd1 Nh3+ 18. Kh1 Nxf2+ 19. Kg1 Nh3+ 20. Kh1 Nf2+ 21. Kg1 Nxd1 22. Rxd1 a6 23. cxd5 b5 24. Qb3 cxd5 25. Bc1 Qg6 26. Qxd5 0-0 27. Bf4 Nf5 28. Qf3 Rac8 29. d5 Rc2 30. d6 Nh4 31. d7 Nxf3+ 32. Kh1 Qh5 33. d8Q Rxh2+ 34. Nxh2 Qxh2# 0-1

[Event "LSS No Engine Cup 201 Preliminary 0"]
[Site "LSS email"]
[Date "2020.03.17"]
[Round "?"]
[White "Jaszczowski, Zdzislaw"]
[Black "Zmolil, Karel"]
[Result "0-1"]
[WhiteElo "1177"]
[BlackElo "1370"]
[PlyCount "98"]
[EventDate "2020.03.17"]
[EventType "tourn (corr)"]
[EventRounds "6"]
[EventCountry "GER"]
[SourceTitle "Corr 2022"]
[Source "ChessBase"]
[SourceDate "2021.10.24"]
[SourceVersion "1"]
[SourceVersionDate "2021.10.24"]
[SourceQuality "1"]

1. e4 c5 2. d4 cxd4 3. Bd3 Nc6 4. Nf3 e5 5. 0-0 d6 6. a3 Bg4 7. c3 Be7 8. cxd4 Nxd4 9. Nc3 Nxf3+ 10. gxf3 Bh3 11. Re1 Bh4 12. f4 Nf6 13. Qf3 Bg4 14. Bb5+ Kf8 15. Qg2 Bh5 16. fxe5 dxe5 17. Be3 h6 18. Nd5 Nxd5 19. exd5 Qf6 20. Bc5+ Kg8 21. b4 Bf3 22. Qh3 Bxd5 23. Bf1 Qg5+ 24. Bg2 Bxg2 25. Qxg2 Qxg2+ 26. Kxg2 f6 27. Re4 Bg5 28. Rd1 b6 29. Be3 Kh7 30. Bxg5 hxg5 31. h4 Kg6 32. hxg5 Kxg5 33. Kg3 Kf5 34. f3 Rad8 35. Ree1 g5 36. Rxd8 Rxd8 37. Re4 Ke6 38. Rc4 f5 39. a4 Rd4 40. Rc6+ Kd5 41. Rc7 Rxb4 42. Rxa7 g4 43. fxg4 Rxg4+ 44. Kf3 e4+ 45. Ke3 f4+ 46. Ke2 Rg2+ 47. Kf1 Ra2 48. Rd7+ Ke5 49. Rb7 Rxa4 0-1

[Event "LSS No Engine Cup 201 Preliminary 0"]
[Site "LSS email"]
[Date "2020.03.17"]
[Round "?"]
[White "Pech, Matej"]
[Black "Jaszczowski, Zdzislaw"]
[Result "0-1"]
[WhiteElo "1407"]
[BlackElo "1177"]
[PlyCount "30"]
[EventDate "2020.03.17"]
[EventType "tourn (corr)"]
[EventRounds "6"]
[EventCountry "GER"]
[SourceTitle "Corr 2022"]
[Source "ChessBase"]
[SourceDate "2021.10.24"]
[SourceVersion "1"]
[SourceVersionDate "2021.10.24"]
[SourceQuality "1"]

1. d4 d5 2. c4 Bg4 3. cxd5 Qxd5 4. Nc3 Qd8 5. Qb3 Qc8 6. e4 e6 7. h3 Bh5 8. Qb5+ c6 9. Qxh5 Nf6 10. Qg5 h6 11. Qg3 g5 12. Bd3 Bg7 13. e5 Nd5 14. Nge2 Qd8 15. f4 Nxc3 0-1

[Event "SN-2020-0-01014"]
[Site "LSS email"]
[Date "2020.03.13"]
[Round "?"]
[White "Caudill, Tom"]
[Black "Jaszczowski, Zdzislaw"]
[Result "1-0"]
[WhiteElo "734"]
[BlackElo "915"]
[PlyCount "59"]
[EventDate "2019.12.29"]
[EventType "tourn (corr)"]
[EventRounds "6"]
[EventCountry "GER"]
[SourceTitle "Corr 2022"]
[Source "ChessBase"]
[SourceDate "2021.10.24"]
[SourceVersion "1"]
[SourceVersionDate "2021.10.24"]
[SourceQuality "1"]

1. c4 c5 2. e4 Nc6 3. Nc3 Nd4 4. Nf3 e6 5. Nxd4 cxd4 6. Ne2 e5 7. Ng3 Nf6 8. Be2 Bc5 9. d3 Bb4+ 10. Bd2 Be7 11. 0-0 0-0 12. f4 d6 13. fxe5 dxe5 14. Nf5 Bc5 15. b4 Bb6 16. c5 Bc7 17. Bg5 Bxf5 18. Rxf5 h6 19. Bxf6 gxf6 20. Qd2 Kg7 21. Raf1 Rg8 22. Bh5 Qe7 23. Rxf6 Kf8 24. Rxf7+ Qxf7 25. Rxf7+ Ke8 26. Rxc7+ Kd8 27. Rxb7 Rg5 28. Qf2 Kc8 29. Qf7 a5 30. Qd7# 1-0

[Event "OP-2020-0-04941"]
[Site "LSS email"]
[Date "2020.03.10"]
[Round "?"]
[White "Jaszczowski, Zdzislaw"]
[Black "Correa de Almeida, Claudio"]
[Result "0-1"]
[WhiteElo "840"]
[BlackElo "1540"]
[PlyCount "70"]
[EventDate "2020.03.10"]
[EventType "tourn (corr)"]
[EventRounds "4"]
[EventCountry "GER"]
[SourceTitle "Corr 2022"]
[Source "ChessBase"]
[SourceDate "2021.10.24"]
[SourceVersion "1"]
[SourceVersionDate "2021.10.24"]
[SourceQuality "1"]

1. e4 c5 2. Nf3 Nc6 3. c3 Nf6 4. e5 Nd5 5. d4 cxd4 6. cxd4 d6 7. exd6 Qxd6 8. Be2 g6 9. 0-0 Bg7 10. g3 Bg4 11. Nc3 0-0 12. Nxd5 Qxd5 13. Be3 Rac8 14. Kg2 Rfd8 15. b3 Bxd4 16. Bxd4 Nxd4 17. h3 Qe4 18. Re1 Rc2 19. hxg4 Rxe2 20. Rxe2 Qxf3+ 21. Kh2 Qxe2 22. Qxe2 Nxe2 23. a4 Rd2 24. b4 Nc3 25. Kg2 Nd1 26. b5 Rxf2+ 27. Kg1 Rd2 28. g5 Nc3 29. a5 Nxb5 30. a6 b6 31. Re1 Kf8 32. Re3 Ra2 33. Rd3 Nd6 34. Rc3 Rxa6 35. Kf2 Ne4+ 0-1

[Event "OP-2020-0-04941"]
[Site "LSS email"]
[Date "2020.03.10"]
[Round "?"]
[White "Rita, Giacomo"]
[Black "Jaszczowski, Zdzislaw"]
[Result "1-0"]
[WhiteElo "2301"]
[BlackElo "840"]
[PlyCount "55"]
[EventDate "2020.03.10"]
[EventType "tourn (corr)"]
[EventRounds "4"]
[EventCountry "GER"]
[SourceTitle "Corr 2022"]
[Source "ChessBase"]
[SourceDate "2021.10.24"]
[SourceVersion "1"]
[SourceVersionDate "2021.10.24"]
[SourceQuality "1"]

1. e4 c5 2. Nf3 Nf6 3. e5 Nd5 4. Nc3 Nxc3 5. dxc3 e6 6. Bf4 Be7 7. Nd2 0-0 8. Ne4 Nc6 9. Qh5 f5 10. exf6 Bxf6 11. Bd6 Rf7 12. h4 b6 13. Ng5 Bxg5 14. hxg5 g6 15. Qh6 Ne7 16. Bd3 Bb7 17. Be5 Nf5 18. Bxf5 exf5 19. Qxg6+ Kf8 20. Qh6+ Ke8 21. g6 hxg6 22. Qxg6 d6 23. 0-0-0 d5 24. Rh8+ Ke7 25. Rdh1 Qd7 26. Qg5+ Ke6 27. R1h6+ Kxe5 28. Qe3# 1-0

[Event "LSS No Engine Cup 200 Preliminary 0"]
[Site "LSS email"]
[Date "2020.02.23"]
[Round "?"]
[White "Jaszczowski, Zdzislaw"]
[Black "Jenneborg, Seved"]
[Result "0-1"]
[WhiteElo "1193"]
[BlackElo "2174"]
[PlyCount "52"]
[EventDate "2020.02.23"]
[EventType "tourn (corr)"]
[EventRounds "6"]
[EventCountry "GER"]
[SourceTitle "Corr 2022"]
[Source "ChessBase"]
[SourceDate "2021.10.24"]
[SourceVersion "1"]
[SourceVersionDate "2021.10.24"]
[SourceQuality "1"]

1. e4 e5 2. Nf3 Nc6 3. Bc4 Nf6 4. d3 Be7 5. 0-0 d6 6. c3 0-0 7. h3 Na5 8. Bb5 c5 9. b4 a6 10. Ba4 b5 11. Bc2 cxb4 12. cxb4 Nc6 13. a3 d5 14. exd5 Nxd5 15. Bb2 Nd4 16. Nxd4 exd4 17. Bxd4 Nf4 18. Bb2 Qd5 19. f3 Qg5 20. g4 Nxh3+ 21. Kg2 Nf4+ 22. Kg1 Bd6 23. Nd2 Nh3+ 24. Kg2 Qf4 25. Rh1 Qg3+ 26. Kf1 Qf2# 0-1

[Event "LSS No Engine Cup 200 Preliminary 0"]
[Site "LSS email"]
[Date "2020.02.23"]
[Round "?"]
[White "Koepcke, Klaus Peter"]
[Black "Jaszczowski, Zdzislaw"]
[Result "1-0"]
[WhiteElo "1578"]
[BlackElo "1193"]
[PlyCount "35"]
[EventDate "2020.02.23"]
[EventType "tourn (corr)"]
[EventRounds "6"]
[EventCountry "GER"]
[SourceTitle "Corr 2022"]
[Source "ChessBase"]
[SourceDate "2021.10.24"]
[SourceVersion "1"]
[SourceVersionDate "2021.10.24"]
[SourceQuality "1"]

1. d4 d5 2. c4 dxc4 3. e4 e6 4. Bxc4 a6 5. Nf3 c6 6. 0-0 Nf6 7. Nc3 b5 8. Bd3 Nbd7 9. Bg5 Be7 10. Qc2 0-0 11. e5 Nd5 12. Bxh7+ Kh8 13. Bxe7 Qxe7 14. Be4 f5 15. Bxd5 cxd5 16. Ne2 Nb6 17. Nf4 g5 18. Ng6+ 1-0

[Event "LSS No Engine Cup 200 Preliminary 0"]
[Site "LSS email"]
[Date "2020.02.23"]
[Round "?"]
[White "McLeod, Sylvester"]
[Black "Jaszczowski, Zdzislaw"]
[Result "1-0"]
[WhiteElo "2078"]
[BlackElo "1193"]
[PlyCount "41"]
[EventDate "2020.02.23"]
[EventType "tourn (corr)"]
[EventRounds "6"]
[EventCountry "GER"]
[SourceTitle "Corr 2022"]
[Source "ChessBase"]
[SourceDate "2021.10.24"]
[SourceVersion "1"]
[SourceVersionDate "2021.10.24"]
[SourceQuality "1"]

1. d4 d5 2. Bf4 Nf6 3. e3 Nc6 4. c3 Bg4 5. Nf3 e6 6. Bd3 a6 7. Nbd2 Be7 8. Qe2 0-0 9. 0-0-0 Re8 10. h3 Bh5 11. g4 Bg6 12. Bxg6 hxg6 13. Rdg1 Na5 14. h4 c5 15. h5 c4 16. hxg6 fxg6 17. Ne5 b5 18. g5 Nh5 19. Nxg6 Nxf4 20. Rh8+ Kf7 21. Ne5# 1-0

[Event "SN-2020-0-01013"]
[Site "LSS email"]
[Date "2020.02.18"]
[Round "?"]
[White "Hickl, Norbert"]
[Black "Jaszczowski, Zdzislaw"]
[Result "1-0"]
[WhiteElo "849"]
[BlackElo "915"]
[PlyCount "45"]
[EventDate "2019.12.24"]
[EventType "tourn (corr)"]
[EventRounds "6"]
[EventCountry "GER"]
[SourceTitle "Corr 2022"]
[Source "ChessBase"]
[SourceDate "2021.10.24"]
[SourceVersion "1"]
[SourceVersionDate "2021.10.24"]
[SourceQuality "1"]

1. c4 Nf6 2. g3 c6 3. Bg2 e6 4. Nf3 Na6 5. d4 Ne4 6. 0-0 d5 7. c5 Be7 8. Nbd2 0-0 9. Qc2 f5 10. Nxe4 fxe4 11. Ne5 Qe8 12. Bd2 Nc7 13. f3 exf3 14. Rxf3 Rxf3 15. Bxf3 Nb5 16. Qd3 Bf6 17. Bf4 Qe7 18. Rf1 a5 19. a4 Nc7 20. Ng4 Bg5 21. Bd6 Qd8 22. Bg2 Ne8 23. Rf8# 1-0